Normal view
MARC view
Entry Personal Name
001 - CONTROL NUMBER
- control field: 27993
003 - CONTROL NUMBER IDENTIFIER
- control field: OSt
005 - DATE AND TIME OF LATEST TRANSACTION
- control field: 20211005164351.0
008 - FIXED-LENGTH DATA ELEMENTS
- fixed length control field: 211005|| aca||aabn | a|a d
040 ## - CATALOGING SOURCE
- Original cataloging agency: OSt
- Transcribing agency: OSt
100 ## - HEADING--PERSONAL NAME
- Personal name: Li, Y., Chandra, Y. and Kapucu, N.
670 ## - SOURCE DATA FOUND
- Source citation: Work cat.: (OSt)517739: Li, Y., Chandra, Y. and Kapucu, N. , Crisis coordination and the role of social media in response to covid-19 in Wuhan, China
